| 000 | 00725nam a22002537a 4500 | ||
|---|---|---|---|
| 003 | OSt | ||
| 005 | 20210420080801.0 | ||
| 008 | 201212s2008 ||||| |||| 00| 0 eng d | ||
| 020 | _a0978727932 | ||
| 040 |
_aeng _beng _cDLC _deng |
||
| 041 | _aeng | ||
| 080 |
_a336 _bF-54 |
||
| 100 |
_9461 _aEaston, D. Peter |
||
| 245 |
_aFinancial Accounting for MBAs _c/ by: Cambridge Business Publishers |
||
| 250 | _a3rd edition | ||
| 260 |
_aCambridge, USA _b/ by: Cambridge Business Publishers _c2008 |
||
| 300 |
_a244 p. _bill. |
||
| 650 | 0 |
_9454 _aFinances |
|
| 653 | _aფინანსები | ||
| 700 |
_9462 _aWild, J. John |
||
| 700 |
_9463 _aHalsey, F. Robert |
||
| 700 |
_9464 _aMcAnally, Lea Mary |
||
| 942 |
_2udc _cBK _e3 |
||
| 999 |
_c571 _d571 |
||